[Event "USA-op Los Angeles"]
[Site "Los Angeles"]
[Date "1991.??.??"]
[Round "?"]
[White "Bolbochan, Julio"]
[Black "Yermolinsky, Alex"]
[Result "1/2-1/2"]
[WhiteElo "2475"]
[BlackElo "2575"]

1.d4 Nf6 2.Nf3 c5 3.d5 b5 4.Bg5 Qb6 5.Bxf6 exf6 6.Nbd2 Bb7 7.e4 c4 8.Be2 Bc5
9.O-O O-O 10.a4 a6 11.c3 f5 12.b4 Be7 13.Re1 fxe4 14.Nxe4 f5 15.a5 Qa7 16.Ng3 Bf6
17.Qd2 g6 18.Bf1 d6 19.Ng5 Nd7 20.Ne6 Rf7 21.Ne2 Be5 22.Ng5 Rg7 23.Nf4 Nf6
24.g3 Re7 25.Bg2 Rae8 26.Nge6 Qa8 27.Rad1 Bxf4 28.Nxf4 Rxe1+ 29.Rxe1 Re5
30.h3 Kf7 31.Kf1 h6 32.Qd4 g5 33.Ne6 Bxd5 34.Bxd5 Qxd5 35.Rxe5 dxe5 36.Qxd5 Nxd5
37.Nc5 Nc7 38.g4 Kg6 39.Ke2 h5 40.gxf5+ Kxf5 41.Ke3 Nd5+ 42.Kd2 Kf4 43.Nxa6 Kf3
44.Nc5 h4 45.a6 g4 46.a7 Nc7 47.Ne6 Na8 48.hxg4 h3 49.Ng5+ Kxg4 50.Nxh3 Kxh3
51.Ke3 Kg2 52.f3 Kf1 53.Ke4 Ke2 54.Kxe5 Kxf3 55.Kd5 Kf4 56.Kc6 Ke5 57.Kb7 Kd6
58.Kxa8 Kc7  1/2-1/2

[Event "USA-op Los Angeles"]
[Site "Los Angeles"]
[Date "1991.??.??"]
[Round "?"]
[White "Garmendez, Florentino"]
[Black "Yermolinsky, Alex"]
[Result "1/2-1/2"]
[WhiteElo "2270"]
[BlackElo "2575"]

1.e4 c5 2.Nf3 e6 3.d4 cxd4 4.Nxd4 Nf6 5.Nc3 d6 6.g4 h6 7.h4 Be7 8.Rg1 d5
9.g5 hxg5 10.hxg5 Nxe4 11.Nxe4 dxe4 12.g6 Bf6 13.gxf7+ Kxf7 14.Be3 Nc6 15.Nxc6 bxc6
16.c3 Qxd1+ 17.Rxd1 Rb8 18.Rd2 a5 19.Kd1 Rh5 20.Kc2 Rd5 21.Bc4 Bd7 22.a4 Ke7
23.b3 Kd6 24.Bf4+ e5 25.Bxd5 cxd5 26.Be3 Be6 27.Rb1 Kc6 28.Kb2 Rd8 29.Rc2 Kb7
30.Rg1 d4 31.cxd4 exd4 32.Bg5 d3+ 33.Bxf6 gxf6 34.Rd2 f5 35.Rg6 Rd6 36.Kc3 Kc6
37.f3 Kd5 38.fxe4+ Kxe4 39.Rg3 Rb6 40.Rgxd3  1/2-1/2

[Event "New York op"]
[Site "New York"]
[Date "1991.??.??"]
[Round "2"]
[White "Yermolinsky, Alex"]
[Black "Davies, Nigel R"]
[Result "1-0"]
[WhiteElo "2565"]
[BlackElo "2500"]

1.Nf3 g6 2.e4 Bg7 3.d4 c5 4.dxc5 Qa5+ 5.Nfd2 Qxc5 6.c4 d6 7.Be2 b6 8.O-O Bb7
9.a3 Nd7 10.b4 Qc8 11.Ra2 a5 12.Qb3 Ngf6 13.Nc3 O-O 14.Rc2 axb4 15.axb4 e6
16.Rd1 Qb8 17.f3 Re8 18.Nf1 Bf8 19.Bg5 h6 20.Be3 Bc6 21.Ng3 h5 22.Nf1 Ra7
23.Bf4 Ne5 24.Rcd2 Nh7 25.Ne3 g5 26.Bg3 Nf6 27.Nc2 h4 28.Bf2 Rd7 29.Nd4 Ba8
30.Ndb5 Bc6 31.Na4 Bxb5 32.cxb5 d5 33.Nxb6 Rb7 34.Qe3 Ng6 35.Ra2 Nf4 36.e5 Rxb6
37.Qxb6 Qxe5 38.Qe3 Qb8 39.Bf1 e5 40.Qa7 Bxb4 41.Qxb8 Rxb8 42.Rb1 Bd6 43.Ra6 Rd8
44.b6 Nd7 45.b7 Nb8 46.Rxd6 Rxd6 47.Rc1  1-0

[Event "New York op"]
[Site "New York"]
[Date "1991.??.??"]
[Round "4"]
[White "Yermolinsky, Alex"]
[Black "Wedberg, Tom"]
[Result "1/2-1/2"]
[WhiteElo "2565"]
[BlackElo "2465"]

1.Nf3 c5 2.c4 Nc6 3.g3 e5 4.Nc3 g6 5.Bg2 Bg7 6.a3 a5 7.O-O d6 8.Ne1 Be6 9.d3 Nge7
10.Nc2 d5 11.cxd5 Nxd5 12.Ne3 Nde7 13.Ne4 b6 14.Ng5 Bd7 15.Nc4 O-O 16.f4 h6
17.Nf3 exf4 18.Bxf4 Be6 19.Rc1 Nd5 20.Qd2 Nxf4 21.Qxf4 Rc8 22.Kh1 b5 23.Nce5 Nxe5
24.Nxe5 Bd5 25.Nf3 Re8 26.Rc2 Bb3 27.Rd2 g5 28.Qg4 Be6 29.Qh5 f5 30.Qg6 Qf6
31.Qxf6 Bxf6 32.d4 Red8 33.e3 Kg7 34.h3 Rd6 35.Re1 c4 36.Rc2 Bf7 37.Kg1 Bg6
38.Rcc1 Bf7 39.Kf2 Re8 40.Bf1 a4 41.Bg2 Bd5 42.Rcd1 Be4 43.Re2 Re7 44.Ne1 Bxg2
45.Nxg2 Rde6 46.g4 f4 47.Kf3 Re4 48.d5 R4e5 49.e4 Rd7 50.Ne1 Re8 51.Rb1 Rc7
52.Nc2 Be5 53.Nb4 Kf6 54.Nc6 h5 55.Rg1 Rh7 56.h4 hxg4+ 57.Rxg4 gxh4 58.Nxe5 Kxe5
59.Rxf4 h3 60.Rf5+ Kd6 61.Rh2  1/2-1/2

[Event "New York op"]
[Site "New York"]
[Date "1991.??.??"]
[Round "7"]
[White "Yermolinsky, Alex"]
[Black "Shirazi, Kamran G"]
[Result "1/2-1/2"]
[WhiteElo "2565"]
[BlackElo "2390"]

1.d4 Nf6 2.c4 d6 3.Nf3 g6 4.Nc3 Bf5 5.g3 Bg7 6.Bg2 Ne4 7.Nh4 Nxc3 8.bxc3 Bc8
9.Rb1 Nc6 10.O-O O-O 11.Bg5 Qe8 12.Be3 Na5 13.Qd3 Rb8 14.c5 dxc5 15.d5 c4
16.Qd2 b6 17.Bh6 e6 18.Bxg7 Kxg7 19.e4 exd5 20.exd5 Qe7 21.Rbe1 Qf6 22.Re4 g5
23.Nf3 Bf5 24.Re5 h6 25.Rfe1 c5 26.h4 g4 27.Nh2 Nb7 28.Qf4 Nd6 29.Nxg4 Bxg4
30.Qxg4+ Kh8 31.R5e3 Rg8 32.Qd7 Qd8 33.Qa4 a5 34.Re7 b5 35.Qd1 Re8 36.Rxe8+ Nxe8
37.a4 bxa4 38.Qxa4 Nd6 39.Bf1 Rb2 40.Qa3 Rc2 41.Qxc5 Qf6 42.Rb1 Ne4 43.Qe3 Kg7
44.Rb6 Qxf2+ 45.Qxf2 Nxf2 46.d6 Rd2 47.Bxc4 Ne4 48.Ra6 Nxd6 49.Bf1 Nf5 50.Rxa5 Nxg3
51.Ra4 f5 52.Rf4 Kf6 53.Rf3 Ne4 54.Bh3 Nd6 55.Re3 Rc2 56.Kh1 Rf2 57.Bg2 Rf4
58.Rh3 Nf7 59.Bd5 Ne5 60.h5 Rf1+ 61.Kg2 Rc1 62.Kf2 Rd1 63.c4 Rc1 64.Rg3 Ng4+
65.Ke2 Ke5 66.Kd2 Ra1 67.Rb3 Ra2+ 68.Kc3 Ne3 69.Rb6 Nd1+ 70.Kd3 Nf2+ 71.Ke3 Nd1+
72.Kd3 Nf2+ 73.Ke3 f4+ 74.Kf3 Nd1 75.Rxh6 Ra3+ 76.Ke2 Nc3+ 77.Kf2 Nxd5  1/2-1/2

[Event "New York op"]
[Site "New York"]
[Date "1991.??.??"]
[Round "8"]
[White "Yermolinsky, Alex"]
[Black "Meyer, Eugene B"]
[Result "1-0"]
[WhiteElo "2565"]
[BlackElo "2470"]

1.d4 Nf6 2.c4 g6 3.Nc3 Bg7 4.e4 d6 5.Nf3 O-O 6.h3 e5 7.d5 Nbd7 8.Bg5 h6 9.Be3 Nc5
10.Nd2 a5 11.Be2 c6 12.O-O Bd7 13.a3 a4 14.Bxc5 dxc5 15.Nxa4 cxd5 16.Nxc5 dxe4
17.Ndxe4 Nxe4 18.Nxd7 Re8 19.Qd5 Ng5 20.Qxb7 Ne6 21.c5 e4 22.Rfd1 Qg5 23.Qd5 Qxd5
24.Rxd5 Bxb2 25.Ra2 Bd4 26.c6 e3 27.fxe3 Bxe3+ 28.Kf1 Kg7 29.a4 Rec8 30.Rd3 Bd4
31.Bg4 Rxc6 32.Bxe6 Rd6 33.Bg4 Ra7 34.Nb8 Rb7 35.Rad2 Rf6+ 36.Bf3 Rb1+ 37.Rd1  1-0

[Event "Manila ol (Men)"]
[Site "Manila"]
[Date "1992.??.??"]
[Round "?"]
[White "Yermolinsky, Alex"]
[Black "Lima, Darcy"]
[Result "1-0"]
[WhiteElo "2595"]
[BlackElo "2440"]

1.d4 d5 2.c4 dxc4 3.Nf3 c5 4.e3 cxd4 5.Bxc4 Qc7 6.Qb3 e6 7.exd4 Nc6 8.O-O a6
9.Be2 Nf6 10.Nc3 Be7 11.Be3 O-O 12.Rac1 Bd7 13.Na4 Nd5 14.Nc5 Rab8 15.Rfd1 Nxe3
16.Qxe3 Rfd8 17.b4 Be8 18.a3 Bf6 19.h4 Qe7 20.g3 Rbc8 21.Ne5 b6 22.Nb3 a5
23.bxa5 Nxa5 24.Rxc8 Rxc8 25.Nxa5 bxa5 26.Ng4 Bc6 27.Nxf6+ Qxf6 28.Rc1 Qd8
29.Rc5 Bb7 30.Bf3 Bxf3 31.Qxf3 h6 32.Qc3 Rb8 33.Rxa5 Rb1+ 34.Kh2 Rd1 35.Ra4 g5
36.Qf3 Rb1 37.Ra8 Rb8 38.Rxb8 Qxb8 39.Qf6 Qb2  1-0

[Event "Manila ol (Men)"]
[Site "Manila"]
[Date "1992.??.??"]
[Round "?"]
[White "Petursson, Margeir"]
[Black "Yermolinsky, Alex"]
[Result "0-1"]
[WhiteElo "2555"]
[BlackElo "2595"]

1.d4 Nf6 2.c4 e6 3.Nf3 Bb4+ 4.Nbd2 O-O 5.g3 b6 6.Bg2 Bb7 7.O-O d5 8.Ne5 Bd6
9.b3 c5 10.Bb2 Qe7 11.cxd5 exd5 12.Ndf3 Na6 13.e3 Ne4 14.Rc1 Rac8 15.Bh3 Rcd8
16.Nd3 Nc7 17.Nh4 g6 18.Bg2 Ne6 19.Nf3 Rc8 20.dxc5 bxc5 21.Nd2 f5 22.Ne5 Rfd8
23.Nxe4 dxe4 24.Qe2 Ng5 25.Nc4 h5 26.Rfd1 Bc7 27.Qc2 Kh7 28.Qc3 Nf3+ 29.Bxf3 exf3
30.Qf6 Qxf6 31.Bxf6 Rd5 32.h4 Kg8 33.Be7 Bb6 34.Kf1 Re8 35.Bf6 Rxd1+ 36.Rxd1 Ba6
37.Rd7 Bxc4+ 38.bxc4 Re4 39.Ke1 Rxc4 40.Kd1 Ra4 41.Rd2 Kf7 42.Bc3 Ke6 43.Kc1 Rc4
44.Rc2 Bc7  0-1

[Event "Manila ol (Men)"]
[Site "Manila"]
[Date "1992.??.??"]
[Round "?"]
[White "Malisauskas, Vidmantas"]
[Black "Yermolinsky, Alex"]
[Result "1/2-1/2"]
[WhiteElo "2490"]
[BlackElo "2595"]

1.e4 c5 2.Nf3 d6 3.d4 cxd4 4.Nxd4 Nf6 5.Nc3 e6 6.Be2 Be7 7.O-O O-O 8.f4 a6
9.a4 Qc7 10.Kh1 b6 11.Bf3 Bb7 12.e5 dxe5 13.fxe5 Nfd7 14.Bxb7 Qxb7 15.Bf4 Nc6
16.Qf3 Rac8 17.Rad1 Kh8 18.Bg3 Nc5 19.Nxc6 Rxc6 20.Qh5 f5 21.exf6 Bxf6 22.Be5 Nd7
23.Bxf6 Nxf6 24.Qe2  1/2-1/2

[Event "Manila ol (Men)"]
[Site "Manila"]
[Date "1992.??.??"]
[Round "?"]
[White "Tisdall, Jonathan D"]
[Black "Yermolinsky, Alex"]
[Result "0-1"]
[WhiteElo "2455"]
[BlackElo "2595"]

1.Nf3 Nf6 2.c4 e6 3.g3 d5 4.b3 c5 5.Bg2 Nc6 6.O-O Be7 7.cxd5 exd5 8.d4 O-O
9.Bb2 Ne4 10.Nc3 Bf6 11.Nxe4 dxe4 12.Nd2 Bxd4 13.Bxd4 Nxd4 14.Nxe4 Bg4 15.f3 Bf5
16.e3 Bxe4 17.exd4 Bg6 18.f4 Qxd4+ 19.Qxd4 cxd4 20.f5 Bh5 21.Rf4 Be2 22.Rxd4 Rad8
23.Rxd8 Rxd8 24.Bxb7 Bg4 25.Rf1 Rd2 26.Rf2 Rxf2 27.Kxf2 Bxf5 28.Ke3 Kf8 29.Kd4 Bg4
30.b4 Ke7 31.Kc5 g5 32.a4 f5 33.b5 Be2 34.a5 f4 35.gxf4 gxf4 36.b6 axb6+
37.axb6 f3 38.Kd4 f2 39.Bg2 Kd6  0-1

[Event "New York op"]
[Site "New York"]
[Date "1992.??.??"]
[Round "3"]
[White "Kotliar, Mark"]
[Black "Yermolinsky, Alex"]
[Result "0-1"]
[WhiteElo "2310"]
[BlackElo "2595"]

1.e4 c5 2.c3 d5 3.exd5 Qxd5 4.d4 Nf6 5.Nf3 e6 6.Na3 a6 7.Nc4 Nbd7 8.Bg5 cxd4
9.Bxf6 gxf6 10.Nxd4 Bc5 11.Ne3 Qd6 12.Be2 Ne5 13.O-O Bd7 14.Qb3 Qb6 15.Qxb6 Bxb6
16.Rad1 O-O-O 17.Kh1 f5 18.f4 Ng6 19.Bh5 Bc6 20.Nxc6 Rxd1 21.Nxd1 bxc6 22.b4 Rd8
23.Be2 Kb7 24.g3 Rd2 25.Bc4 Ne7 26.Bb3 Nd5 27.a3 Nf6 28.Re1 Ng4  0-1

[Event "New York op"]
[Site "New York"]
[Date "1992.??.??"]
[Round "4"]
[White "Yermolinsky, Alex"]
[Black "Ochoa de Echaguen, F Javier"]
[Result "1/2-1/2"]
[WhiteElo "2595"]
[BlackElo "2410"]

1.Nf3 c5 2.g3 Nc6 3.Bg2 g6 4.c3 e5 5.e4 Bg7 6.O-O Nge7 7.Re1 O-O 8.d3 d6
9.a3 a5 10.a4 h6 11.Na3 f5 12.Nb5 Be6 13.exf5 gxf5 14.d4 e4 15.Nh4 cxd4 16.cxd4 Bc4
17.Bh3 Nb4  1/2-1/2

[Event "New York op"]
[Site "New York"]
[Date "1992.??.??"]
[Round "6"]
[White "Fernandez, A."]
[Black "Yermolinsky, Alex"]
[Result "0-1"]
[WhiteElo "2325"]
[BlackElo "2595"]

1.c4 Nf6 2.Nc3 g6 3.g3 Bg7 4.Bg2 O-O 5.Nf3 d5 6.cxd5 Nxd5 7.O-O e5 8.Qc2 Ne7
9.Rb1 Nbc6 10.b4 a6 11.a4 Bg4 12.e3 a5 13.bxa5 Nxa5 14.Ba3 Re8 15.d3 Qd7
16.Rfc1 Nec6 17.Ne4 b6 18.Ne1 Bh3 19.Bh1 Be6 20.Rb5 Rac8 21.Nc3 Na7 22.Rbb1 Rb8
23.Bb4 Nc8 24.Ba3 Ne7 25.Bb4 Nb7 26.Bxe7 Rxe7 27.Nb5 c5 28.Na7 Na5 29.Nb5 Qd8
30.Qe2 Rd7 31.Nc3 Rc8 32.Rd1 Bb3 33.Rdc1 c4 34.dxc4 Bxc4 35.Qb2 Nb3 36.Rc2 e4
37.Qa3 Bd3 38.Rxb3 Bxc2 39.Nxc2 Rd1+ 40.Kg2 Bxc3 41.Rxc3 Rxc3 42.Qxc3 Qd3
43.Qc8+ Kg7 44.Kh3 Rxh1 45.Nd4 Qf1+ 46.Kg4 Qxf2 47.Ne6+ fxe6 48.Qc7+ Kh6  0-1

[Event "World op"]
[Site "Philadelphia"]
[Date "1992.??.??"]
[Round "5"]
[White "Yermolinsky, Alex"]
[Black "Rao, Vivek"]
[Result "1/2-1/2"]
[WhiteElo "2595"]
[BlackElo "2390"]

1.Nf3 f5 2.g3 g6 3.Bg2 Bg7 4.d4 Nf6 5.O-O O-O 6.c3 c6 7.Nbd2 d6 8.Qb3+ Kh8
9.Ng5 Qb6 10.Re1 Qxb3 11.axb3 h6 12.Ngf3 Be6 13.b4 d5 14.Nb3 Ne4 15.Bf4 g5
16.Be5 Nd7 17.Nc5 Nexc5 18.bxc5 Bxe5 19.Nxe5 Nxe5 20.dxe5 a6 21.Ra4 Rad8
22.e3 Kg7 23.Rd4 Kf7 24.Red1 Rde8 25.Bf1 Rc8 26.Be2 Rc7 27.Bh5+ Kg7 28.Ra1 Bf7
29.Be2 Be6 30.Kg2 Rh8 31.h3 h5 32.h4 g4 33.f3 gxf3+ 34.Kxf3 Kh6 35.Rf4 Rf8
36.Bd3 Bc8 37.Kf2 e6 38.Be2 Rg7 39.Rg1 Rd8 40.Rd4 Rdg8 41.Rf4 Rd8 42.Rd1 Rdg8
43.Rf3 Rd8 44.e4 Re8 45.exf5 exf5 46.Re3 Rge7 47.Bf3 Rxe5 48.Rde1 Rxe3 49.Rxe3 Be6
50.Bd1 Kg6 51.b4 Bf7 52.Rxe8 Bxe8 53.Ke3 Kf6 54.Kf4 Bf7  1/2-1/2

[Event "World op"]
[Site "Philadelphia"]
[Date "1992.??.??"]
[Round "7"]
[White "Yermolinsky, Alex"]
[Black "Hellers, Ferdinand"]
[Result "1-0"]
[WhiteElo "2595"]
[BlackElo "2510"]

1.Nf3 Nf6 2.c4 c5 3.Nc3 Nc6 4.g3 d5 5.d4 e6 6.cxd5 Nxd5 7.Bg2 Be7 8.O-O O-O
9.e4 Nb6 10.dxc5 Qxd1 11.Rxd1 Bxc5 12.Bf4 f6 13.Rac1 e5 14.Nb5 exf4 15.Rxc5 fxg3
16.hxg3 Bg4 17.Rd6 Rad8 18.Nh2 Bc8 19.Nf1 Na4 20.Rc2 a6 21.Rxd8 Rxd8 22.Nc7 Nb4
23.Rc4 a5 24.Nd5 Be6 25.b3 Bxd5 26.exd5 b5 27.Rc7 Nb6 28.Rc5 N6xd5 29.a3  1-0

[Event "Groningen PCA"]
[Site "Groningen"]
[Date "1993.??.??"]
[Round "3"]
[White "Yermolinsky, Alex"]
[Black "Wolff, Patrick G"]
[Result "1-0"]
[WhiteElo "2605"]
[BlackElo "2585"]

1.d4 Nf6 2.c4 c5 3.d5 b5 4.Nf3 b4 5.Nbd2 g6 6.e4 d6 7.Bd3 Bg7 8.Nf1 O-O 9.Ng3 e6
10.O-O exd5 11.cxd5 Nbd7 12.h3 Nb6 13.Bg5 a5 14.Rc1 Ba6 15.Bxa6 Rxa6 16.Qd2 Re8
17.Qf4 Nbd7 18.Qh4 h6 19.Bxh6 Nxe4 20.Ng5 Nxg5 21.Bxg5 Qa8 22.Rce1 Bxb2 23.Ne4 Bg7
24.Be7 Rb6 25.Re3 Nf8 26.Rfe1 Nh7 27.Nxd6 Bf6 28.Qf4 g5 29.Bxf6 Rxe3 30.Qxe3 Nxf6
31.Qxg5+ Kh7 32.Qxf6 Qxd5 33.Ne8  1-0

[Event "New York op"]
[Site "New York"]
[Date "1993.??.??"]
[Round "4"]
[White "Yermolinsky, Alex"]
[Black "Chow, Albert"]
[Result "1/2-1/2"]
[WhiteElo "2615"]
[BlackElo "2270"]

1.d4 Nf6 2.c4 e6 3.Nc3 Bb4 4.Bg5 h6 5.Bh4 c5 6.d5 Bxc3+ 7.bxc3 d6 8.e3 e5
9.f3 Bf5 10.e4 Bc8 11.Bd3 Nbd7 12.Ne2 Qe7 13.Bf2 Nh5 14.Be3 Qf6 15.Qd2 g5
16.Nc1 Nf8 17.Rb1 Kd8 18.a4 a5 19.g3 Kc7 20.Rf1 Ng6 21.Qd1 Qe7 22.Qb3 Ra6
23.Rf2 Ng7 24.Rfb2 b6 25.Qc2 Bd7 26.Be2 Qe8 27.Bd1 f5 28.Nd3 f4 29.Bf2 Qe7
30.Qd2 h5 31.gxf4 gxf4 32.Ke2 h4  1/2-1/2

[Event "New York Hudson"]
[Site "New York"]
[Date "1993.??.??"]
[Round "6"]
[White "Sherzer, Alex"]
[Black "Yermolinsky, Alex"]
[Result "1/2-1/2"]
[WhiteElo "2465"]
[BlackElo "2615"]

1.e4 e6 2.d4 d5 3.Nc3 Bb4 4.e5 c5 5.a3 Bxc3+ 6.bxc3 Ne7 7.Nf3 Qc7 8.a4 h6
9.Bb5+ Bd7 10.Bd3 Nbc6 11.O-O cxd4 12.cxd4 Nb4 13.Ba3 Nxd3 14.cxd3 Bc6 15.Bd6 Qd7
16.a5 O-O 17.Qd2 Rfc8 18.Rab1 a6 19.Qb4 Ng6 20.Rfc1 Bb5 21.Qd2 f5 22.Rc5 Qf7
23.Rbc1 Rc6 24.g3 Nh8 25.Ne1 g5 26.Rxc6 bxc6 27.Nc2 f4 28.Na3 Qf5 29.Nxb5 cxb5
30.Qe2 f3 31.Qe3 Ra7 32.h3 Qxh3 33.Qxf3 Rf7 34.Rc8+ Kg7 35.Rc7 Rxc7 36.Qf8+ Kh7
37.Bxc7 Qf5 38.Qd6 Ng6 39.Bd8 Nf4 40.Qe7+ Kg8 41.Qe8+ Kh7 42.gxf4  1/2-1/2

[Event "New York op"]
[Site "New York"]
[Date "1993.??.??"]
[Round "7"]
[White "Gurevich, Ilya"]
[Black "Yermolinsky, Alex"]
[Result "1-0"]
[WhiteElo "2515"]
[BlackElo "2615"]

1.e4 c5 2.Nf3 Nc6 3.d4 cxd4 4.Nxd4 Qb6 5.Nb3 Nf6 6.Nc3 e6 7.Bd3 Bb4 8.O-O O-O
9.Bg5 Bxc3 10.bxc3 Ne8 11.Qh5 e5 12.Bc4 d6 13.Rad1 Qc7 14.f4 Be6 15.Bd5 Bxd5
16.exd5 Nd8 17.f5 f6 18.Be3 Rf7 19.Rf3 Rc8 20.Rh3 h6 21.Rd3 Kf8 22.Rh4 b6
23.Nd2 Nb7 24.Nf3 Nc5 25.Rd1 Qd7 26.Rg4 Ke7 27.Re1 Kd8 28.a4 Rc7 29.Ra1 Nb7
30.c4 Na5 31.Nd2 Re7 32.Re4 Qc8 33.Qg4 g5 34.h4 Rh7 35.Rf1 h5 36.Qe2 g4 37.Qd3 Rhf7
38.Qc3 Ng7 39.c5 Nxf5 40.c6 Ng3 41.Bxb6 Nxf1 42.Bxc7+ Qxc7 43.Nxf1 f5 44.Rb4 f4
45.Rb5 a6 46.Rb1 f3 47.g3 Qa7+ 48.Ne3 Nc4 49.Kf2 Qxe3+ 50.Qxe3 Nxe3 51.Rb8+ Kc7
52.Rb7+ Kc8 53.Rxf7 Nxc2 54.Re7 a5 55.Re6 Kb8 56.Kg1 Kc7 57.Re7+ Kc8 58.Re8+ Kc7
59.Kf2 Nb4 60.Re7+ Kc8 61.Rh7 Nxd5 62.Rxh5 Nf6 63.Rg5 Kc7 64.Rg6 Ne4+ 65.Ke3 f2
66.Ke2 Nxg3+ 67.Kxf2 Nh5 68.Rxg4 Kxc6 69.Kf3 Kd5 70.Rg5 Nf6 71.h5 Kd4 72.h6 d5
73.Rg6 Nh7 74.Rg7 Nf8 75.Ke2  1-0

[Event "New York op"]
[Site "New York"]
[Date "1993.??.??"]
[Round "8"]
[White "Yermolinsky, Alex"]
[Black "Alburt, Lev O"]
[Result "0-1"]
[WhiteElo "2615"]
[BlackElo "2535"]

1.d4 Nf6 2.Nf3 c5 3.d5 e6 4.Nc3 b5 5.dxe6 fxe6 6.Nxb5 Qa5+ 7.Nc3 d5 8.Bd2 Qb6
9.e4 d4 10.Na4 Qc6 11.e5 Ne4 12.b3 Be7 13.Bd3 Bb7 14.O-O O-O 15.Re1 Nxd2
16.Qxd2 Qd7 17.Ng5 h6 18.Ne4 Qc7 19.c3 Nd7 20.cxd4 cxd4 21.f4 Ba3 22.Rf1 Rf7
23.Rab1 Rc8 24.Qe2 Rcf8 25.Rbc1 Bxc1 26.g3 Be3+ 27.Kg2 g5 28.Kh3 Rf5 29.fxg5 Nxe5
30.Rxf5 exf5 31.Nf6+ Rxf6 32.gxf6 Nxd3  0-1

[Event "World op"]
[Site "Philadelphia"]
[Date "1993.??.??"]
[Round "?"]
[White "Yermolinsky, Alex"]
[Black "Veach, Joseph"]
[Result "1-0"]
[WhiteElo "2605"]
[BlackElo "2295"]

1.d4 Nf6 2.Nf3 d5 3.c4 e6 4.Nc3 Be7 5.Bg5 O-O 6.e3 h6 7.Bh4 Ne4 8.Bxe7 Qxe7
9.Rc1 c6 10.Bd3 Nxc3 11.Rxc3 Nd7 12.O-O e5 13.Bb1 exd4 14.Nxd4 Nb6 15.c5 Nc4
16.b3 Ne5 17.h3 f5 18.f4 Ng6 19.Qh5 Qf6 20.b4 Bd7 21.Kh2 Ne7 22.a3 Kh7 23.Qd1 g6
24.Qd2 Ng8 25.Nf3 Rae8 26.Qd4 Re7 27.Kg1 Rfe8 28.Qxf6 Nxf6 29.Ne5 Be6 30.Kf2 Nd7
31.Nf3 Kg7 32.Rg1 Nf6 33.Nd4 Bd7 34.Bc2 Kf7 35.Nf3 Be6 36.g4 Ne4+ 37.Bxe4 fxe4
38.Nd4 Kf6 39.h4 Bd7 40.g5+ hxg5 41.hxg5+ Kg7 42.Rh1 Rh8 43.Rcc1 Ree8 44.Kg2 Rxh1
45.Rxh1 Rh8 46.Rxh8 Kxh8 47.Kf2 Kg7 48.Ke2 Kf7 49.Kd2 Ke7 50.Kc3 Kf7 51.Nb3 Ke7
52.Kd4 Ke6 53.a4 a6 54.Nc1 Kf5 55.Ne2 Kg4 56.Nc3 Kf3 57.b5 axb5 58.axb5 Bf5
59.b6 Bc8 60.Na2 Kg4 61.Nc1 Kf3 62.Nb3 Kg4 63.Na5 Kf5 64.Kc3 Kg4 65.Kd2 Kf5
66.Ke2 Kg4 67.Kf2 Kh4 68.Ke1 Kg4 69.Ke2 Kf5 70.Kd2 Kg4 71.Kc3 Kf5 72.Kd4 Ke6
73.Nb3 Kf5 74.Nc1 Kg4 75.Ne2 Kf3 76.Nc3 Bd7 77.Nb1 Kg4 78.Nd2 Kf5 79.Nf1 Bc8
80.Ng3+ Kg4 81.Nxe4 dxe4 82.Kxe4 Bf5+ 83.Ke5 Bc2 84.Kd6 Bd3 85.e4 Bc4 86.Kc7 Ba6
87.e5 Kf5 88.Kd6 Bc4 89.e6 Bxe6 90.Kc7  1-0

[Event "World op"]
[Site "Philadelphia"]
[Date "1993.??.??"]
[Round "2"]
[White "Filipovich, David"]
[Black "Yermolinsky, Alex"]
[Result "0-1"]
[WhiteElo "2215"]
[BlackElo "2605"]

1.Nf3 Nf6 2.g3 d5 3.Bg2 c5 4.O-O Nc6 5.d4 e6 6.c4 Be7 7.Nc3 O-O 8.cxd5 Nxd5
9.Nxd5 exd5 10.Be3 c4 11.Ne5 Bf6 12.Nxc6 bxc6 13.Qa4 Qb6 14.b3 Bxd4 15.Bxd4 Qxd4
16.Qxc6 Be6 17.Rfd1 Qb2 18.bxc4 dxc4 19.Qc7 Rac8 20.Qxa7 c3 21.Rdc1 Rfd8
22.Be4 Qxe2 23.Qe3 Qb2 24.Rab1 Qa3 25.Rc2 Rc7 26.Rbc1 Rdc8 27.Qf3 Rc5 28.Qd3 g6
29.h4 Qb4 30.Qf3 Qd4 31.Qd3 Qe5 32.Qf3 h5 33.Bd3 Bd5 34.Qe3 Qf6  0-1

[Event "World op"]
[Site "Philadelphia"]
[Date "1993.??.??"]
[Round "3"]
[White "Sutovskij, Emil"]
[Black "Yermolinsky, Alex"]
[Result "0-1"]
[WhiteElo "2410"]
[BlackElo "2605"]

1.e4 c5 2.Nf3 d6 3.c3 Nf6 4.Bd3 g6 5.Bc2 Bg4 6.h3 Bxf3 7.Qxf3 Nc6 8.d3 Bg7
9.Nd2 O-O 10.Nf1 b5 11.Bd2 b4 12.Ne3 Rb8 13.O-O e6 14.Ba4 bxc3 15.bxc3 Ne5
16.Qe2 Nh5 17.Nc2 Qa5 18.Bb3 Qa6 19.g4 Nf6 20.Bf4 Nxd3 21.Rad1 c4 22.Bxd6 Qxd6
23.Bxc4 Nf4 24.Rxd6 Nxe2+ 25.Bxe2 Nxe4 26.Rd7 Nxc3 27.Bc4 a5 28.Ne3 Rfd8
29.Rxd8+ Rxd8 30.Rc1 Rb8 31.Kg2 Bd4 32.Kf3 Kg7 33.Nc2 e5 34.Ne3 Rb4 35.Kg2 a4
36.Kf3 Rb2 37.Rc2 a3 38.Kg2 Ne4 39.Re2 Nd6 40.Bd3 Bxe3 41.fxe3 e4 42.Rxb2 axb2
43.Bb1 f5 44.gxf5 gxf5 45.a4 Nc4 46.Ba2 Nxe3+ 47.Kg3 Nc4 48.Kf4 Kf6 49.h4 e3
50.Kf3 f4 51.Ke2 Ke5 52.h5 h6  0-1

[Event "World op"]
[Site "Philadelphia"]
[Date "1993.??.??"]
[Round "5"]
[White "Delaune, Richard K"]
[Black "Yermolinsky, Alex"]
[Result "0-1"]
[WhiteElo "2390"]
[BlackElo "2605"]

1.c4 g6 2.Nc3 Bg7 3.d4 Nf6 4.e4 d6 5.f3 O-O 6.Bg5 c5 7.d5 e6 8.Qd2 exd5 9.cxd5 b6
10.O-O-O Re8 11.g4 Ba6 12.h4 Bxf1 13.Rxf1 b5 14.Nxb5 Qb6 15.Na3 Nbd7 16.Nc4 Qb5
17.b3 Nb6 18.Qa5 Qd7 19.Rh2 Nxc4 20.bxc4 Rab8 21.Rc2 Rb6 22.Ne2 Reb8 23.Kd1 Rb4
24.Bc1 h5 25.g5 Qh3 26.Re1 Nh7 27.Qa3 Qxh4 28.Rg1 Qh3 29.f4 Qd7 30.Qd3 Re8
31.f5 Be5 32.Nf4 Nf8 33.Rf1 Rb1 34.Ne2 Qe7 35.fxg6 Nxg6 36.Qf3 h4 37.Nc3 Rb7
38.Re2 Rb4 39.Qd3 Bg7 40.Ba3 Ne5 41.Qh3 Rxc4 42.Bb2 Rb8 43.Kc2 Ng6 44.Ba1 Qe8
45.Kd2 Qe5 46.Qe3 Qe7 47.Rf5 Re8 48.Qf3 Rd4+ 49.Ke1 c4 50.Re3 Ne5 51.Qh3 Rd3
52.Ke2 Rxe3+ 53.Qxe3 Nd3 54.e5 Bxe5  0-1

[Event "Keres mem"]
[Site "Rakvere"]
[Date "1993.??.??"]
[Round "2"]
[White "Yermolinsky, Alex"]
[Black "Rozentalis, Eduardas"]
[Result "0-1"]
[WhiteElo "2605"]
[BlackElo "2600"]

1.Nf3 Nf6 2.c4 e6 3.Nc3 Bb4 4.g3 b6 5.Bg2 Bb7 6.d3 O-O 7.e4 d5 8.e5 Nfd7
9.cxd5 Bxd5 10.O-O Bxc3 11.bxc3 Nc6 12.d4 f6 13.exf6 Qxf6 14.Ne1 Na5 15.Bf4 c6
16.Nd3 Nc4 17.Re1 Rae8 18.Qe2 Qg6 19.h4 Bxg2 20.Kxg2 Nf6 21.Rac1 Nd5 22.Kh2 b5
23.Be5 Qf5 24.Kg2 Rf7 25.Qe4 a5 26.g4 Qxe4+ 27.Rxe4 Ref8 28.Bg3 Rf3 29.Nc5 Nxc3
30.Rxe6 Nxa2 31.Ra1 Nb4 32.Nd7 Rd8 33.Kxf3 Rxd7 34.Re8+ Kf7 35.Ra8 a4 36.Be5 Ke6
37.Ke4 Nd2+ 38.Ke3 Nb3 39.Rd1 Kd5 40.f4 Kc4 41.Ke4 g6 42.f5 Nd5 43.Kf3 b4
44.g5 Rf7 45.f6 a3 46.Rg8 a2 47.Rg7 Nd2+ 48.Kg3 Nb1 49.Rc1+ Kd3 50.Rxf7 a1=Q
51.Rxh7 Qa3 52.f7 Ke4+ 53.Kh2 Qb2+ 54.Kg3 Ne3 55.Rg1 Nc3  0-1

[Event "St Martin op"]
[Site "St Martin"]
[Date "1993.??.??"]
[Round "2"]
[White "Kotliar, Mark"]
[Black "Yermolinsky, Alex"]
[Result "0-1"]
[WhiteElo "2315"]
[BlackElo "2615"]

1.e4 Nf6 2.e5 Nd5 3.d4 d6 4.Nf3 Bg4 5.Be2 e6 6.c4 Nb6 7.h3 Bh5 8.Nc3 Be7
9.Be3 O-O 10.O-O a6 11.exd6 cxd6 12.Qb3 N8d7 13.a4 Bxf3 14.gxf3 Rb8 15.Rfd1 Nf6
16.d5 Nbd7 17.Ne4 e5 18.Qc3 Rc8 19.Qb4 Nxe4 20.fxe4 Bg5 21.Ra3 a5 22.Qd2 Bxe3
23.Qxe3 Nc5 24.f4 exf4 25.Qxf4 Qb6 26.Kh1 Rce8 27.Rg3 Qxb2 28.Bf3 Qe5 29.Qh4 g6
30.Rg4 Nxa4 31.Rdg1 Nc5 32.Qh6 a4 33.h4 Qg7 34.Qf4 Nd3  0-1

[Event "St Martin op"]
[Site "St Martin"]
[Date "1993.??.??"]
[Round "4"]
[White "Fedorowicz, John P"]
[Black "Yermolinsky, Alex"]
[Result "1/2-1/2"]
[WhiteElo "2535"]
[BlackElo "2615"]

1.e4 e6 2.d4 d5 3.Nc3 Bb4 4.e5 c5 5.a3 Bxc3+ 6.bxc3 Ne7 7.h4 Qa5 8.Bd2 cxd4
9.cxd4 Qa4 10.Nf3 Nbc6 11.Bd3 Nxd4 12.h5 Nec6 13.Kf1 Nf5 14.Bxf5 exf5 15.h6 gxh6
16.Rxh6 Be6 17.Bg5 Rc8 18.Rh4 Qa6+ 19.Kg1 Rg8 20.Rxh7 Kd7 21.Rc1 Kc7 22.c4 d4  1/2-1/2

[Event "St Martin op"]
[Site "St Martin"]
[Date "1993.??.??"]
[Round "7"]
[White "Yermolinsky, Alex"]
[Black "Adianto, Utut"]
[Result "1-0"]
[WhiteElo "2615"]
[BlackElo "2490"]

1.e4 c6 2.d4 d5 3.e5 Bf5 4.Nf3 e6 5.Be2 c5 6.O-O Nc6 7.c3 cxd4 8.cxd4 Nge7
9.a3 Be4 10.Nbd2 Nf5 11.b4 Qb6 12.Bb2 Be7 13.Bc3 O-O 14.Nb3 Rfc8 15.Rc1 a5
16.bxa5 Qa7 17.g4 Bxf3 18.gxf5 Be4 19.fxe6 fxe6 20.Bg4 Kh8 21.Bxe6 Rf8 22.f3 Bg6
23.Bxd5 Nxe5 24.Qe2 Bd6 25.Be4 Rae8 26.Bb4 Nf7 27.Qg2 Re6 28.Kh1 Rfe8 29.Bxd6 Nxd6
30.Nc5 Rf6 31.Bxg6 Rxg6 32.Qd2 Qb8 33.Rce1 h6 34.Nd7 Qc8 35.Rxe8+ Qxe8 36.Ne5 Rf6
37.Qd3 Qd8 38.Qc3 Nf5 39.Rd1 Qd5 40.Qc5 Qb3 41.Rf1 Nh4 42.Qc8+ Kh7 43.Qg4 Nf5
44.Qe4 Qxa3 45.d5 Kh8 46.Rg1 Nd6 47.Qg4 Nf5 48.Nc4 Qc3 49.d6 Rf8 50.d7 Qf6
51.Qe4 Nd6 52.Nxd6 Qxd6 53.Qxb7 Rd8 54.Qc8 Qf6 55.Qxd8+ Qxd8 56.Rd1 Kh7 57.Rd2 Kg6
58.a6 Kh5 59.a7 g5 60.h3 Qf6 61.a8=Q Qa6 62.Qxa6  1-0

[Event "USA-op"]
[Site "Chicago"]
[Date "1994.??.??"]
[Round "?"]
[White "Pelts, Peter"]
[Black "Yermolinsky, Alex"]
[Result "1-0"]
[WhiteElo "2280"]
[BlackElo "2590"]

1.Nf3 d6 2.g3 e5 3.Bg2 f5 4.c4 Nf6 5.Nc3 Be7 6.d3 O-O 7.O-O Kh8 8.b4 Qe8
9.Bg5 Nbd7 10.d4 e4 11.Nd2 Qh5 12.Bxf6 Nxf6 13.e3 Qh6 14.Qe2 c6 15.f3 exf3
16.Bxf3 Bd7 17.b5 Rae8 18.bxc6 bxc6 19.Rfb1 Bd8 20.Nf1 Bb6 21.Qd2 c5 22.d5 Ng4
23.Re1 Ne5 24.Be2 g5 25.Nd1 f4 26.exf4 gxf4 27.gxf4 Rxf4 28.Nde3 Rg8+ 29.Ng3 Rf2
30.Kxf2 Qxh2+ 31.Kf1  1-0